000 01361nam a2200229Ia 4500
003 Ost
005 20260507075653.0
008 260507s9999||||xx |||||||||||||| ||und||
040 _cfsecg
041 _aara
082 _a332.673
100 _aخلف، فليح حسن
_eمؤلف
245 0 _aالتمويل الدولي /
_c فليح حسن خلف
260 _aعمان:
_bمؤسسة الوراق للنشر والتوزيع,
_c2004
300 _a369 صفحة؛
_bإيضاحات ؛
_c24 سم
504 _aالمراجع ص. 368
520 _aماهية التمويل الدولي وأهميته- نشأته وتطوره التاريخي- سعر الصرف والتمويل الدولي- ميزان المدفوعات والتمويل الدولي- اختلال وتوازن ميزان المدفوعات- دوافع التمويل الدولي وآثاره ومصادره- أشكال التمويل الدولي- المنح والمساعدات الرسمية- نظام النقد والتمويل الدولي- الإستثمار الاجنبي- واقع عمل وإدارة مؤسسات التمويل الدولي- سياستها وأثارها- مشكلات النظام النقدي الدولي.
653 _aالإستثمارات
653 _aالإقتصاد الدولي
653 _aالتمويل الدولي
942 _cكتاب
999 _c45640
_d45640